One Direction Songs- Titles in the Lyrics - Statistics

General Stats
  • This quiz has been taken 4,370 times
  • The average score is 9 of 15
Answer Stats
Hint Answer % Correct
I won't let these ______ ______ slip out of my mouth little things
88%
'Cause you've got that ___ _____ one thing
83%
I wanna stay __ ___ _____, and jump around until we see the sun up all night
83%
Baby say yeah, yeah, yeah, yeah, yeah And let me ____ ___ kiss you
78%
So _'___, _'___, move a little closer to me, C'mon C'mon
70%
________ ________ oh oh oh oh, baby you and me, stumble in the street... Midnight memories
66%
We're like __ __ __, Then we're like yeah yeah yeah na na na
65%
Is it so wrong, that you make me ______? strong
63%
So come on baby be with me, so _______ happily
55%
_____, Let me be the one to light a fire inside those eyes. Diana
53%
It's _____ __ ___, Only you... gotta be you
50%
______ _____ _____ just walked into the room little black dress
48%
In breathing for this, _______ in time moments
44%
Kissed you once, now I can't leave. 'Cause everything you do is _____ magic
41%
Is it too much to ask for _________ _____? something great
24%
No matching quizzes found
Score Distribution
Percent of People with Each Score
Percentile by Number Answered
Your Score History
You have not taken this quiz